The nature and authority of the Bible / by Raymond Abba.
Record details
- Physical Description: 333 s. ; 23 cm.
- Publisher: London, W.C.: James Clarke & CO. LTD., 1958.
Content descriptions
| Bibliography, etc. Note: | Includes bibliographical references and indexes. |
Search for related items by subject
| Subject: | Bible > Criticism, interpretation, etc. Bible > Evidences, authority, etc. Bible > Inspiration. |
Available copies
- 1 of 1 copy available at Common Catalog SPOK.
Holds
- 0 current holds with 1 total copy.
Show All Copies
| Location | Call Number / Copy Notes | Barcode | Shelving Location | Status | Due Date |
|---|---|---|---|---|---|
| ETS Library | 220.1 | 424470014102 | Volný výběr | Available | - |
| LDR | 00878cam a2200277ua 4500 | ||
|---|---|---|---|
| 001 | 40677 | ||
| 003 | CZ-PrJAB | ||
| 005 | 20160215120110.0 | ||
| 008 | 010117s1958 scu e 001 u eng u | ||
| 010 | . | ‡a 59003813 | |
| 035 | . | ‡a(CONS)11444 | |
| 035 | . | ‡a(CaOOAMICUS)000036287583 | |
| 040 | . | ‡aCaOWOBC ‡beng | |
| 050 | 0 | 0. | ‡aBS538.A25 1959 |
| 050 | 0 | 4. | ‡aBS 538 .A25 1958 |
| 082 | 0 | 0. | ‡a220.1 |
| 100 | 1 | . | ‡aAbba, Raymond. |
| 245 | 1 | 4. | ‡aThe nature and authority of the Bible / ‡cby Raymond Abba. |
| 260 | . | ‡aLondon, W.C.: ‡bJames Clarke & CO. LTD., ‡c1958. | |
| 300 | . | ‡a333 s. ; ‡c23 cm. | |
| 504 | . | ‡aIncludes bibliographical references and indexes. | |
| 630 | 0 | 0. | ‡aBible ‡xCriticism, interpretation, etc. |
| 630 | 0 | 0. | ‡aBible ‡xEvidences, authority, etc. |
| 630 | 0 | 0. | ‡aBible ‡xInspiration. |
| 852 | 4 | . | ‡bETS ‡bETS ‡cVolný výběr ‡j220.1 ‡p424470014102 ‡y$50.00 ‡xreference |
| 910 | . | ‡aABG450 | |
| 999 | . | ‡a11444 ‡c11444 ‡tbiblio | |
| 905 | . | ‡uadmin | |
| 901 | . | ‡a40677 ‡b ‡c40677 ‡tbiblio ‡sets | |